000 00502cam a22002171 4500
001 sa 67004370
003 DLC
005 20260227112346.0
008 890724s1967 ii 000 1 beno
010 _asa 67004370
035 _a(OCoLC)20061418
040 _aDLC
_cWaU
_dDLC
042 _apremarc
050 0 0 _aPK1718.B39
_bA88
100 1 _aBasu, Samareśa,
_d1924-1988.
245 1 0 _aĀtmaja.
260 _c[1967]
300 _a132 p.
_c22 cm.
500 _aIn Bengali.
500 _aA novel.
999 _c74424
_d74424